Central Library OPAC University of Rajshahi

Le morte Darthur; (Record no. 21191)

MARC details
000 -LEADER
fixed length control field 00836cam a2200253u 4500
001 - CONTROL NUMBER
control field 21191
003 - CONTROL NUMBER IDENTIFIER
rucl marc code BD-RjUL
005 - DATE AND TIME OF LATEST TRANSACTION
control field 20211209000647.0
008 - FIXED-LENGTH DATA ELEMENTS--GENERAL INFORMATION
fixed length control field 140303r19671906enk 000 0 eng d
035 ## - SYSTEM CONTROL NUMBER
System control number (BD-RjUL)21255
040 ## - CATALOGING SOURCE
Original cataloging agency DLC
Transcribing agency CarP
Modifying agency BD-RjUL
Language of cataloging eng
041 ## - LANGUAGE CODE
Language code of text/sound track or separate title eng
082 ## - DEWEY DECIMAL CLASSIFICATION NUMBER
Classification number 823.1
Author mark and year MAL 1967
100 1# - MAIN ENTRY--PERSONAL NAME
Personal name Malory, Thomas,
Dates associated with a name active 15th century.
9 (RLIN) 65486
245 13 - TITLE STATEMENT
Title Le morte Darthur;
Remainder of title Sir Thomas Malory's book of King Arthur and of his noble knights of the Round table ...
Name of part/section of a work V-2
260 ## - PUBLICATION, DISTRIBUTION, ETC. (IMPRINT)
Place of publication, distribution, etc. London :
Name of publisher, distributor, etc. Everymans Library,
Date of publication, distribution, etc. 1906 [Reprinted 1967].
300 ## - PHYSICAL DESCRIPTION
Pagination xvi, 411 p. ;
Size 19 cm.
650 #0 - SUBJECT ADDED ENTRY--TOPICAL TERM
Topical term or geographic name as entry element Arthurian romances.
9 (RLIN) 65487
700 1# - ADDED ENTRY--PERSONAL NAME
Personal name Rhys, John
942 ## - ADDED ENTRY ELEMENTS (KOHA)
Source of classification or shelving scheme Dewey Decimal Classification
Koha item type Books
Holdings
Lost status Source of classification or shelving scheme Materials specified (bound volume or other part) Damaged status Not for loan Collection code Permanent Location Current Location Shelving location Date acquired Source of acquisition Cost, normal purchase price Total Checkouts Full call number Date last seen Copy number Koha item type
  Dewey Decimal Classification V-2     Fiction Central Library, University of Rajshahi Central Library, University of Rajshahi   07/09/1968 Zeitlinger 0.00   823.1 MAL 1967 03/03/2014 C-15 Books